Normal view MARC view

Entry Personal Name

Number of records used in: 1

001 - CONTROL NUMBER

  • control field: 1059069

003 - CONTROL NUMBER IDENTIFIER

  • control field: OSt

005 - DATE AND TIME OF LATEST TRANSACTION

  • control field: 20260121170034.0

008 - FIXED-LENGTH DATA ELEMENTS

  • fixed length control field: 260121|| aca||aabn | a|a d

040 ## - CATALOGING SOURCE

  • Original cataloging agency: OSt
  • Transcribing agency: OSt

100 ## - HEADING--PERSONAL NAME

  • Personal name: Marco Squassina, Simone Zuccher

670 ## - SOURCE DATA FOUND

  • Source citation: Work cat.: (OSt)1624798: Marco Squassina, Simone Zuccher, Introduzione all'Analisi Qualitativa dei Sistemi Dinamici Discreti e Continui
Copyright @ Delhi University Library System